Ações do Ibovespa - Statistics

Estatísticas Gerais
  • Esse quiz foi jogado 23 vezes
  • A pontuação média é 30 de 82
Estatísticas das Respostas
Peso no índice Setor Resposta % Correto
12,4% Petróleo e gás Petrobras
100%
0,9% Combustíveis Vibra
100%
7,7% Banco Itaú
94%
11,9% Mineração Vale
94%
0,5% Banco Santander
89%
3,9% Banco Banco do Brasil
83%
1,2% Seguros BB Seguridade
83%
2,7% Bebidas AMBEV
78%
0,1% Companhia aérea Azul
72%
3,7% Banco Bradesco
72%
1,4% Aluguel de veículos Localiza
72%
0,8% Papel e celulose Klabin
67%
0,9% Telefonia Telefonica Brasil
61%
2,6% Aeroespacial Embraer
56%
0,5% Energia Isa Energia
56%
0,3% Seguros Porto Seguro
56%
1,8% Papel e celulose Suzano
56%
0,7% Telefonia TIM
56%
2,0% Banco BTG Pactual
50%
0,4% Seguros Caixa Seguridade
50%
3,3% Saneamento Sabesp
50%
3,0% Industrial WEG
50%
1,0% Energia CEMIG
44%
0,5% Energia Engie
44%
0,1% Varejo Magazine Luiza
44%
1,5% Petróleo e gás Petro Rio
44%
0,5% Supermercados Assaí
39%
<0,1% Turismo CVC
39%
0,3% Laboratórios Fleury
39%
0,6% Vestuário Lojas Renner
39%
0,1% Construtora MRV
39%
0,1% Animais de estimação Petz
39%
1,1% Farmácias Raia Drogasil
39%
2,8% Financeiro B3
33%
4,4% Energia Eletrobras
33%
0,6% Energia Energisa
33%
0,6% Cosméticos Natura
33%
0,1% Supermercados Pão de Açúcar
33%
1,6% Hospitais Rede D'Or
33%
0,4% Energia TAESA
33%
0,8% Energia COPEL
28%
0,7% Siderúrgica CSN
28%
1,3% Siderúrgica Gerdau
28%
0,2% Shopping centers Iguatemi
28%
0,2% Resseguros IRB
28%
2,6% Conglomerado Itausa
28%
0,2% Ônibus Marcopolo
28%
1,0% Tecnologia TOTVS
28%
0,4% Shopping centers Allos
22%
0,2% Moda Azzas
22%
0,7% Alimentos BRF
22%
0,6% Rodovias CCR
22%
0,5% Plano de saúde Hapvida
22%
0,4% Farmacêutica Hypera
22%
1,8% Alimentos JBS
22%
0,3% Shopping centers Multiplan
22%
0,2% Petróleo e gás Petrorecôncavo
22%
0,1% Sucroalcooleira Raízen
22%
0,1% Aluguel de veículos Vamos
22%
0,2% Supermercados Atacadão
17%
0,1% Energia Auren
17%
0,2% Conglomerado Bradespar
17%
0,1% Petroquímica Braskem
17%
0,4% Combustíveis Cosan
17%
0,3% Energia CPFL
17%
0,3% Construtora Cyrela
17%
1,9% Energia Equatorial
17%
0,9% Combustíveis Ultrapar
17%
0,1% Siderúrgica Usiminas
17%
0,1% Moda Vivara
17%
0,4% Energia Brava Energia
11%
0,1% Educação Cogna
11%
0,2% Alimentos Marfrig
11%
0,1% Alimentos Minerva
11%
1,0% Logística Rumo
11%
0,1% Sucroalcooleira São Martinho
11%
0,2% Máquinas agrícolas SLC Agrícola
11%
0,1% Educação YDUQS
11%
<0,1% Concessionária de veículos Automob
6%
1,1% Energia Eneva
6%
0,6% Logística Santos Brasil
6%
0,1% Tecnologia LWSA
0%
Nenhum quiz correspondente encontrado
Distribuição das Pontuações
Porcentagem de Pessoas com Cada Pontuação
Percentil de Números Respondidos
Sua Pontuação Histórica
Você não jogou esse quiz